000 00355nam a22001217a 4500
082 _a358.5491
100 _aAhmed, Khaleel
245 _aLegend of the tail Choppers (1948-1998) /
_cKhaleel Ahmed
260 _aIslamabad :
_bThe Army press,
_c2006.
300 _a355 p. ;
_c25cm.
942 _2ddc
_cBK
999 _c566047
_d566047